|
|
|
|
| LEADER |
00981nab#a2200313#ar4500 |
| 001 |
000061513 |
| 003 |
SVKKK |
| 005 |
19960301xxxxxxx. |
| 008 |
06 c xo huno |
| FMT |
|
|
|
| 038 |
|
|
|a SVKKK
|
| 040 |
|
|
|a SVKKK
|b slo
|e AACR2
|
| 041 |
0 |
|
|a hun
|
| 044 |
|
|
|a xo
|c SK
|
| 080 |
|
|
|a 284.1
|
| 242 |
1 |
0 |
|a Voľba kantora
|
| 245 |
0 |
0 |
|a Kántorválasztás
|
| 520 |
2 |
|
|a Miesto katechétu - kantora sa uvoľnilo v evanjelickej a. v. obci v Rožňave odchodom Juraja Engischa do Budapešti.
|
| 650 |
0 |
4 |
|a cirkev evanjelická a.v. - Rožňava - 05.10.1913 - zhromaždenie obce - Halmay Július (kantor, uchádzač) - Kiskunfélegyháza (MR) - pôvod - katechéta-kantor - voľby - informácie
|
| 773 |
0 |
|
|t Rozsnyói Hiradó
|g Roč. 36, č. 42 (12.10.1913) s. 3
|
| 957 |
|
|
|a Budapešť (MR)
|
| 957 |
|
|
|a Kiskunfélegyháza (MR)
|
| 957 |
|
|
|a Rožňava
|
| 958 |
|
|
|a CI
|
| 958 |
|
|
|a SK
|
| 974 |
|
|
|a ebl
|d 19960301
|
| 992 |
|
|
|a RBX
|
| BAS |
|
|
|
| 998 |
|
|
|a RETRO
|